000 00584cam a2200205ua 4500
001 9597
008 160302n ii |||gr||||Z||||||asm
020 _a9788192417387
040 _cMAIN
041 _aasm
082 _a891.4514
100 _aSarma, Birendra Narayan,
_eEditor.
245 1 _aNalinidhar Bhattacharyyar srestha sahitya samalosana
_ced. by Birendra Narayan Sarma
250 _a1st ed.
260 _aGuwahati:
_bPublication board, Assam,
_c2012.
300 _a531p.
653 _aEast Indo-European & Celtic literatures
653 _aAssamese literature
942 _cBK
999 _c8627
_d8627